Представление документа в формате MARC21

Поле Инд. ПП Название Значение
Тип записи a
Библиографический уровень m
001 Контрольный номер 8b6a8179-6c6a-4822-8662-bb297de4c309
005 Дата корректировки 20140226142605.8
008 Кодируемые данные 950630s1995 rur 00000 rus d
020 c Цена, тираж 1000.00
080 a Индекс УДК 531.3.01:514.743.4
084 a Индекс другой классификации/Индекс ББК В213.1
090 c Каталожный индекс В213.1
x Авторский знак С38
a Полочн. индекс В213.1
100 1_ a Автор Синдж Дж Л
245 0_ a Заглавие Тензорные методы в динамике
b Продолж. заглавия Пер. с англ.
c Ответственность Дж. Л. Синдж; Пер. под ред. [и с предисл. А.М. Лопшица]
260 0_ a Место издания Москва
b Издательство Гос. изд-во иностр. лит.
c Дата издания 1947
300 a Объем 41,[2] с.
b Иллюстрации/ тип воспроизводства ил.
500 a Примечание Библиогр.: с.38-42. - Перевод изд.: Tensorial methods in dynamics / By J.L. Synge (Toronto, 1936).
583 a Действие Получение впервые 359 17.11.97
k Исполнитель действия Городецкий А.А.
650 a Основная рубрика Динамика
x Основная подрубрика Тензорное исчисление
653 a Ключевые слова Динамика
a Ключевые слова Тензорный анализ
700 1_ a Другие авторы Лопшиц А М
e Роль лиц ред. пер., предисл.
852 t Порядковый номер экземпляра 1
p Инвентарный номер 689659
888 a За наличные
952 p 359 1000.00 1 689659
c Вид литературы К рн
954 a Дата поступления на обработку 19971201
999 a Подразделение 2 Фил3